01400 a2200145 450000500170000000800410001702000180005804100120007610000150008824500240010325000090012726000320013630000090016852010770017720250509112021.0240826b |||||||| |||| 00| 0 eng d a9789351611769 aEnglish aGupta S.P. aStatistical Methods a46th bSultan Chand and Sonsc2021 a1432 aPart I 1. Statistics–What and Why 2. Organising a Statistical Survey 3. Collection of Data 4. Sampling and Sample Designs 5. Classification and Tabulation of Data 6. Diagrammatic and Graphic Presentation 7. Measures of Central Value 8. Measures of Dispersion 9. Skewness, Moments and Kurtosis 10. Correlation Analysis 11. Regression Analysis 12. Association of Attributes 13. Index Numbers 14. Analysis of Time Series 15. Interpolation and Extrapolation 16. Vital Statistics 17. Statistical Fallacies Part II 1. Probability and Expected Value 2. Theoretical Distributions 3. Statistical Inference–Tests of Hypotheses 4. C2 Test and Goodness of Fit 5. F-Test and Analysis of Variance 6. Experimental Designs 7. Statistical Quality Control 8. Business Forecasting 9. Partial and Multiple Correlation 10. Statistical Decision Theory 11. Non-Parametric Tests Revisionary Exercise (R.1 – R.147) Appendices 1. Logarithms, Reciprocals and Square Root 2. Permutations and Combinations 3. Select References 4. Symbols, Abbreviations and Formulae 5. Statistical Tables